Most abundant elements in the universe - Statistics

General Stats
  • This quiz has been taken 30 times
  • The average score is 8 of 10
Answer Stats
Abundance Element % Correct
1% oxygen
100%
0.5% carbon
93%
23% helium
89%
75% hydrogen
89%
0.1% nitrogen
89%
0.11% iron
82%
0.13% neon
57%
0.05% sulfur
57%
0.059% magnesium
46%
0.07% silicon
46%
No matching quizzes found
Score Distribution
Percent of People with Each Score
Percentile by Number Answered
Your Score History
You have not taken this quiz